[Event "EJCOA Forest Hall IM 1st"]
[Site "Newcastle"]
[Date "2021.10.29"]
[Round "9.1"]
[White "Han, Yichen"]
[Black "Eggleston, Thomas A"]
[Result "1-0"]
[WhiteElo "2306"]
[BlackElo "2175"]
[PlyCount "101"]
[EventDate "2021.10.25"]
[EventType "tourn"]
[EventRounds "9"]
[EventCountry "ENG"]
[SourceTitle "BritBase"]
[Source "John Saunders"]
[SourceDate "2021.10.30"]
[SourceVersion "1"]
[SourceVersionDate "2021.10.30"]
[SourceQuality "1"]

1. e4 e6 2. d4 d5 3. Nc3 Nf6 4. Bg5 dxe4 5. Nxe4 Be7 6. Bxf6 gxf6 7. Nf3 f5 8.
Nc3 a6 9. g3 b5 10. Bg2 Bb7 11. O-O c5 12. d5 b4 13. dxe6 bxc3 14. exf7+ Kf8
15. Qe2 Qd6 16. Rad1 Qf6 17. bxc3 Be4 18. Nh4 Bxg2 19. Nxg2 Nc6 20. Nf4 h5 21.
Qc4 Rh6 22. Rfe1 Qxf7 23. Ne6+ Kg8 24. Qd5 Rc8 25. Qd7 Qe8 26. Qd3 Na5 27. Nf4
Qf7 28. Nd5 Bf8 29. Re5 c4 30. Qf3 f4 31. Nxf4 Rc5 32. Rxc5 Bxc5 33. Rd5 Nb7
34. Rg5+ Kh7 35. Qe4+ Kh8 36. Kh1 Bxf2 37. Ng6+ Rxg6 38. Rxg6 Bd4 39. Qxd4+ Kh7
40. Rf6 Qe7 41. Rf1 Nd6 42. Qf2 Kg6 43. Re1 Qd7 44. Qb6 Kf7 45. Rd1 Qg4 46.
Qc7+ Kg8 47. Qd8+ Kg7 48. Qe7+ Kg8 49. Rf1 Qe4+ 50. Qxe4 Nxe4 51. Rf4 1-0

[Event "EJCOA Forest Hall IM 1st"]
[Site "Newcastle"]
[Date "2021.10.29"]
[Round "9.2"]
[White "Kanyamarala, Trisha"]
[Black "Kanyamarala, Tarun"]
[Result "0-1"]
[WhiteElo "2082"]
[BlackElo "2309"]
[PlyCount "84"]
[EventDate "2021.10.25"]
[EventType "tourn"]
[EventRounds "9"]
[EventCountry "ENG"]
[SourceTitle "BritBase"]
[Source "John Saunders"]
[SourceDate "2021.10.30"]
[SourceVersion "1"]
[SourceVersionDate "2021.10.30"]
[SourceQuality "1"]

1. d4 f5 2. Nf3 Nf6 3. e3 g6 4. Bd3 Bg7 5. O-O O-O 6. Nbd2 Nc6 7. b3 d6 8. Bb2
Qe8 9. Re1 e5 10. dxe5 Ng4 11. Bc4+ Kh8 12. h3 Ngxe5 13. Rb1 Rb8 14. Be2 b6 15.
Nd4 Bb7 16. f4 Nd7 17. Bf3 Nf6 18. Nxc6 Bxc6 19. e4 fxe4 20. Nxe4 Bxe4 21. Bxe4
Qd7 22. Bf3 c5 23. Qd3 d5 24. Bxf6 Rxf6 25. Qxd5 Qxd5 26. Bxd5 Rxf4 27. Bf3
Rbf8 28. Re7 a5 29. Rb7 c4 30. Rd1 cxb3 31. axb3 Rd4 32. Re1 Rh4 33. Ree7 Bd4+
34. Kh2 g5 35. Be4 Bc5 36. Rxh7+ Rxh7 37. Rxh7+ Kg8 38. Rd7 Rf1 39. Kg3 Rf4 40.
Bd5+ Kf8 41. Rc7 Bd6 42. Rb7 $4 Rd4+ 0-1

[Event "EJCOA Forest Hall IM 1st"]
[Site "Newcastle"]
[Date "2021.10.29"]
[Round "9.3"]
[White "Sedykh, Mikhail"]
[Black "Fitzsimons, David"]
[Result "1-0"]
[WhiteElo "2120"]
[BlackElo "2334"]
[PlyCount "109"]
[EventDate "2021.10.25"]
[EventType "tourn"]
[EventRounds "9"]
[EventCountry "ENG"]
[SourceTitle "BritBase"]
[Source "John Saunders"]
[SourceDate "2021.10.30"]
[SourceVersion "1"]
[SourceVersionDate "2021.10.30"]
[SourceQuality "1"]

1. d4 Nf6 2. c4 e6 3. Nc3 Bb4 4. e3 O-O 5. Bd3 d5 6. Nge2 dxc4 7. Bxc4 c5 8.
O-O Nbd7 9. a3 Bxc3 10. bxc3 b6 11. f3 Qc7 12. Ba2 Ba6 13. e4 cxd4 14. cxd4
Rac8 15. Be3 Qc2 16. Rf2 Qb2 17. Bb3 Bc4 18. Bxc4 Rxc4 19. Qb1 Qxb1+ 20. Rxb1
Rfc8 21. Bf4 a6 22. g4 b5 23. Rff1 Nb6 24. Kf2 Kf8 25. Rfc1 Ke7 26. Rxc4 Rxc4
27. Rb3 Kd7 28. Ke3 Rc2 29. Kd3 Ra2 30. Bc1 Nc4 31. h4 Kc6 32. Rc3 Kb6 33. h5
Ka5 34. Rb3 Nd7 35. Rc3 e5 36. Rc2 Ra1 37. g5 exd4 38. Kxd4 Nde5 39. f4 Nf3+
40. Kc5 Ne1 41. Rc3 Ka4 42. f5 g6 43. fxg6 fxg6 44. hxg6 hxg6 45. Rh3 Rxc1 46.
Nxc1 Nc2 47. Rh6 Kxa3 48. Rxg6 Kb2 49. Rxa6 Ne5 50. g6 Nxg6 51. Rxg6 Kxc1 52.
Rg1+ Kd2 53. Rg2+ Kd3 54. Rxc2 Kxc2 55. Kxb5 1-0

[Event "EJCOA Forest Hall IM 1st"]
[Site "Newcastle"]
[Date "2021.10.29"]
[Round "9.4"]
[White "Basman, Michael J"]
[Black "Jones, Steven A"]
[Result "0-1"]
[WhiteElo "2273"]
[BlackElo "2231"]
[PlyCount "84"]
[EventDate "2021.10.25"]
[EventType "tourn"]
[EventRounds "9"]
[EventCountry "ENG"]
[SourceTitle "BritBase"]
[Source "John Saunders"]
[SourceDate "2021.10.30"]
[SourceVersion "1"]
[SourceVersionDate "2021.10.30"]
[SourceQuality "1"]

1. g4 d5 2. Bg2 c6 3. g5 e5 4. d4 Nd7 5. c4 dxc4 6. Nc3 Qb6 7. Nf3 Ne7 8. dxe5
Ng6 9. h4 Ndxe5 10. Nxe5 Nxe5 11. Bf4 Ng6 12. Bg3 Qxb2 13. Ne4 Bb4+ 14. Kf1 Bg4
15. f3 Rd8 16. Qb1 Bc3 17. Qxb2 Bxb2 18. Re1 Be6 19. h5 Ne7 20. Nd6+ Rxd6 21.
Bxd6 Nf5 22. Bf4 O-O 23. e4 Nd4 24. Kf2 c3 25. a4 b5 26. Be5 c2 27. f4 bxa4 28.
f5 Bc4 29. f6 Re8 30. Bf4 a3 31. fxg7 Kxg7 32. e5 a2 33. g6 Bd3 34. h6+ Kg8 35.
gxh7+ Kxh7 36. Ra1 Bxa1 37. Rxa1 c1=Q 38. Bxc1 Bb1 39. Be4+ Bxe4 40. Rxa2 Nb5
41. Bf4 Bd5 42. Ra1 Rg8 0-1

[Event "EJCOA Forest Hall IM 1st"]
[Site "Newcastle"]
[Date "2021.10.29"]
[Round "9.5"]
[White "McKay, Roderick M"]
[Black "Willow, Jonah B"]
[Result "0-1"]
[WhiteElo "2243"]
[BlackElo "2353"]
[PlyCount "50"]
[EventDate "2021.10.25"]
[EventType "tourn"]
[EventRounds "9"]
[EventCountry "ENG"]
[SourceTitle "BritBase"]
[Source "John Saunders"]
[SourceDate "2021.10.30"]
[SourceVersion "1"]
[SourceVersionDate "2021.10.30"]
[SourceQuality "1"]

1. e4 c5 2. Nf3 Nc6 3. d4 cxd4 4. Nxd4 g6 5. Nc3 Bg7 6. Be3 Nf6 7. Bc4 O-O 8.
Bb3 d6 9. f3 Bd7 10. Qd2 Nxd4 11. Bxd4 b5 12. g4 a5 13. a4 b4 14. Nd1 Bc6 15.
Nf2 e5 16. Be3 d5 17. Bc5 Re8 18. exd5 Nxd5 19. h4 e4 20. O-O-O e3 21. Qd3 Qf6
22. Bd4 Qxd4 23. Qxd4 Bxd4 24. Rxd4 exf2 25. Bxd5 Re1+ 0-1